000 00654nam a2200205Ia 4500
999 _c58533
_d58533
003 GCL
005 20240530110110.0
008 140319s9999 xx 000 0 ara d
040 _aGCL /
_cGCL
082 0 4 _a785.1/
_bح م
100 0 _aحسين فوزى
245 1 2 _aالموسيقى السمفونية :
_b دليل المستمع إلى موسيقى الاعلام /
_cحسين فوزى
260 _aالقاهرة :
_bدار المعارف ،
_c1987
300 _a203 ص
650 0 4 _aالموسيقى
650 0 4 _aالتذوق الفنى
650 0 4 _aالسيمفونيات
650 0 4 _aالتذوق الموسيقى
942 _2ddc
_cBK